000 01391cam a22002294a 4500
005 20250605164147.0
008 250528s ||||||||||||||||||||||||d
035 _a19217
020 _a275981401
040 _aGR-AtMCL
_bgre
_dGR-AtMCL
_eAACR2
245 1 _aCompetitive Intelligence and Global Business
250 _a1st
260 _c2005
300 _a298
520 _aA practical and comprehensive guide to the business cultures, practices, and emerging opportunities in the dynamic growth region of South and Central America, for small and large-business executives alike. Preface, Acknowledgements, The Global Competitive Intelligence Process, In Search of Best Practices in Global Competitive Intelligence, Process Differences in Performing Global versus Domestic Competitive Intelligence Data Collection, The Global Competitive Intelligence Environment, Global Competitive Intelligence in Top-Performing Companies, The Internet will Continue to Revolutionize International Competitive Intelligence Practices, Global Competitive Intelligence Management, Country - Industry - and Process-Specific Studies in Global Competitive Intelligence, Management of Global Competitive Intelligence: The Way Ahead, Index.
700 1 _aBlenkhorn David L.
_95455
700 1 _aFleisher Craig S
_95456
700 1 _aPraeger
_95457
942 _cBK
999 _c4484
_d4484